Autonomía universitaria y financiamiento : (Record no. 113746)

MARC details
000 -LEADER
fixed length control field 00796nam a22002057a 4500
005 - DATE AND TIME OF LATEST TRANSACTION
control field 20160304091105.0
008 - FIXED-LENGTH DATA ELEMENTS--GENERAL INFORMATION
fixed length control field 160224b mx||||| |||| 00| 0 spa d
020 ## - INTERNATIONAL STANDARD BOOK NUMBER
International Standard Book Number 9703205739
050 04 - LIBRARY OF CONGRESS CALL NUMBER
Classification number KGF3596
Item number S47 2003
100 1# - MAIN ENTRY--PERSONAL NAME
Personal name Serna de la Garza, José María
245 10 - TITLE STATEMENT
Title Autonomía universitaria y financiamiento :
Remainder of title derecho de la educación y de la autonomía /
Statement of responsibility, etc José María Serna de la Garza, Gabriela Ríos Granados.
250 ## - EDITION STATEMENT
Edition statement 1a ed.
260 ## - PUBLICATION, DISTRIBUTION, ETC. (IMPRINT)
Place of publication, distribution, etc México :
Name of publisher, distributor, etc Universidad Nacional Autónoma de México : Instituto Politécnico Nacional,
Date of publication, distribution, etc c2003
300 ## - PHYSICAL DESCRIPTION
Extent 106 p. ;
Dimensions 16 cm.
490 #0 - SERIES STATEMENT
Series statement Ensayos Jurídicos,
Volume number/sequential designation 13
504 ## - BIBLIOGRAPHY, ETC. NOTE
Bibliography, etc Bibliopgrafía : p. 103 - 106
650 #7 - SUBJECT ADDED ENTRY--TOPICAL TERM
Source of heading or term Lemb
Topical term or geographic name as entry element Universidades
General subdivision Finanzas
Geographic subdivision México
700 1# - ADDED ENTRY--PERSONAL NAME
Personal name Ríos Granados, Gabriela,
Relator term coaut.
942 ## - ADDED ENTRY ELEMENTS (KOHA)
Source of classification or shelving scheme Biblioteca del Cogreso de los Estados Unidos
Koha item type Libro
Holdings
Estado de pérdida Fuente de clasificación Estado del daño No para préstamo Ubicación permanente Ubicación actual Apartado o colección Fecha de adquisición Edición Enumeración de Serie / Cronológica Dependencia de educación superior (DES) Área del conocimiento Clasificación Código de Barras Date last seen Número de copia Tipo de recurso
  Biblioteca del Cogreso de los Estados Unidos     Biblioteca de la Facultad de Derecho y Ciencias Sociales "Felipe J. Tena" Biblioteca de la Facultad de Derecho y Ciencias Sociales "Felipe J. Tena" General 24/02/2016 1a ed. BFD000007346 Derecho Ciencias Sociales y Administrativas KGF3596 S47 2003 BFD000007346 24/02/2016 1 Libro